|
|
|
|
| LEADER |
00000ckm a2200000 a 4500 |
| 001 |
vtls001203510 |
| 003 |
SK-MaSNL |
| 005 |
20260331202606.0 |
| 007 |
kf co |
| 008 |
180703s1988 xo g 0kuslo |
| 015 |
|
|
|a SNBG1988
|
| 035 |
|
|
|a SNK000146580
|
| 040 |
|
|
|a SNK
|b slo
|c SNK
|e AACR2
|
| 041 |
0 |
|
|a slo
|
| 043 |
|
|
|a e-xo---
|
| 044 |
|
|
|a xo
|c SK
|
| 072 |
|
7 |
|a 908(437)
|x Vlastiveda Česka a Slovenska
|2 konspekt
|
| 080 |
|
|
|a 913(437.6)
|2 2011
|
| 080 |
|
|
|a 908(437.6)
|2 2011
|
| 080 |
|
|
|a (084.121)
|2 2011
|
| 080 |
|
|
|a 556.55(437.6)
|2 2011
|
| 080 |
|
|
|a 627.81
|2 2011
|
| 080 |
|
|
|a 556.51
|2 2011
|
| 080 |
|
|
|a 627.3
|2 2011
|
| 080 |
|
|
|a 629.5.081
|2 2011
|
| 080 |
|
|
|a 685.531
|2 2011
|
| 080 |
|
|
|a 72/(188)-024.544
|2 2011
|
| 080 |
|
|
|a 797.176
|2 2011
|
| 080 |
|
|
|a 711.455
|2 2011
|
| 100 |
1 |
|
|a Šmátrala, Milan
|c (fotograf)
|4 pht
|9 164919
|
| 245 |
1 |
0 |
|a Piešťany - prímestská rekreačná oblasť Sĺňava
|h grafika
|c foto Milan Šmátrala, Izidor Zuzic
|
| 246 |
1 |
|
|i Názov na obrazovej časti:
|a Piešťany
|b Sĺňava
|
| 260 |
|
|
|a Bratislava
|b Pravda
|c 1988
|e [Bratislava]
|f TZP-B
|
| 300 |
|
|
|a 1 pohľadnica (5 čiastkových pohľadov)
|b farebná
|c 11 x 15 cm
|
| 520 |
8 |
|
|a Zobrazenie: Päť čiastkových pohľadov, každý v bielom orámovaní, všetky spolu na striebornom podklade. Vpravo je medzi pohľadmi vodorovne modrým písmom názov. Pohľad na vodnú nádrž z trávnatého brehu. V pozadí je pri druhom brehu niekoľko jácht. Za nimi na brehu vidno budovy lodeníc. Vpravo v pozadí je na brehu autobus, v diaľke sú kopce. Pohľad na stany na trávnatej ploche. Vľavo sú dve jachty. Vpravo za stanmi je vyhliadková veža. Za ňou je jeden listnatý strom. Pohľad na jachty na trávnatej ploche. Za nimi vidno vysoký listnatý strom. Vpravo v pozadí vidno dve autá. Pohľad na vodného lyžiara ťahaného lanom na vodnej nádrži. Pohľad na jachty na vodnej nádrži spoza vysokej trávy. V pozadí je vidno druhý breh, trávnaté plochy, niekoľko vysokých listnatých stromov a medzi nimi aj vyhliadkovú vežu
|
| 650 |
0 |
7 |
|a vodné nádrže
|2 SNKPH
|9 4190
|
| 650 |
0 |
7 |
|a lodenice
|2 SNKPH
|9 30582
|
| 650 |
0 |
7 |
|a stany
|2 SNKPH
|9 51419
|
| 650 |
0 |
7 |
|a rozhľadne
|2 SNKPH
|9 55576
|
| 650 |
0 |
7 |
|a vodné lyžovanie
|2 SNKPH
|9 29925
|
| 650 |
0 |
7 |
|a rekreačné oblasti
|2 SNKPH
|9 69057
|
| 651 |
|
7 |
|a Sĺňava (Slovensko : vodná nádrž)
|2 SNKPHgeo
|9 79490
|
| 651 |
|
7 |
|a Piešťany (Slovensko)
|2 SNKPHgeo
|9 23981
|
| 655 |
|
7 |
|a geografické pohľadnice
|2 SNKPH
|9 70522
|
| 655 |
|
7 |
|a miestne pohľadnice
|2 SNKPH
|9 70510
|
| 700 |
1 |
|
|a Zuzic, Izidor
|c (fotograf)
|4 pht
|9 283286
|
| 958 |
|
|
|a GBN
|
| 958 |
|
|
|a GC
|
| 958 |
|
|
|a OND
|
| 999 |
|
|
|c 942413
|d 944343
|
| 952 |
|
|
|a SNK
|b SNK
|y PREZ
|7 0
|p 17A1289636
|o snkSP 140709
|i snk739/89
|0 0
|1 0
|4 0
|d 2021-10-14
|f 1
|l 0
|r 2026-02-24 09:23:24
|w 2026-02-24
|
| 952 |
|
|
|a SNK
|b SNK
|y PREZ
|7 0
|p 17A1289635
|o snkSP 140709 D1
|i snk740/89
|0 0
|1 0
|4 0
|d 2021-10-14
|l 0
|r 2026-02-24 09:23:24
|w 2026-02-24
|